Themed Geography Grab Bag II Quiz Stats

 Plays Quiz Updated Jun 15, 2019

Score 0/15 Timer 05:00
12 Plays Today
Hint Answer % Correct
Name the city where the Celtics, Red Sox, and Bruins sports teams are all based.Boston
95%
In which U.S. state will you find the cities of Seattle, Spokane, and Walla Walla?Washington
94%
What is the capital city of Jamaica?Kingston
92.3%
Which major city in Texas will you find NASA's Johnson Space Center?Houston
87.9%
Which world capital lies on the coast of the North Island between Cook Strait and the Remutaka Range?Wellington
70.6%
Which Ivy League university is the only one located in New Jersey? Princeton
69.3%
Which U.S. city became the state capital of West Virginia in 1885?Charleston
56.9%
St. Gallen and Neuch√Ętel are examples of what subdivision of Swiss government?Canton
55.1%
Hint Answer % Correct
What is the capital city of the Canadian province of Alberta?Edmonton
53.1%
What city is home to the University of Kentucky?Lexington
47%
Which city is notable for being the last English port the RMS Titanic departed from before it sank?Southampton
39.3%
In which Texas city are the AT&T Stadium and the Six Flags Over Texas theme park located? Arlington
38%
Name Ohio's sixth-largest city, famous for its aeronautical and engineering industries.Dayton
33.9%
Which district in West London is home to the Royal Albert Hall and the Serpentine Gallery?Kensington
28.8%
What is the name of New Zealand's fourth-largest city, located on the banks of the Waikato River?Hamilton
13.4%

You're not logged in!

Compare scores with friends on all Sporcle quizzes.
OR
Log In

Sporcle TV

Today on Sporcle TV


Watch our educational content, quiz creation guides, and fun videos on Sporcle TV.

Show Comments

Extras

Top Quizzes Today


Score Distribution

Your Account Isn't Verified!

In order to create a playlist on Sporcle, you need to verify the email address you used during registration. Go to your Sporcle Settings to finish the process.

Report this User

Report this user for behavior that violates our Community Guidelines.

Details: